All Languages in Italy - Statistics

General Stats
  • This quiz has been taken 21 times
  • The average score is 8 of 25
Answer Stats
Answer % Correct
Italian
94%
Sicilian
89%
Venetian
78%
Ladin
67%
Lombard
67%
Ligurian
61%
Piedmontese
61%
Emilian
44%
Friulian
44%
Corsican
39%
Slovene
39%
Arpitan
22%
Occitan
22%
Bavarian
17%
Cimbrian
11%
Mocheno
11%
Romagnol
11%
Walser
11%
Campidanese Sardinian
6%
Gallurese Sardinian
6%
Logudorese Sardinian
6%
Napoletano
6%
Sassarese Sardinian
6%
Slavomolisano
6%
Arbereshe Albanian
0%
No matching quizzes found
Score Distribution
Percent of People with Each Score
Percentile by Number Answered
Your Score History
You have not taken this quiz